Les villages illusoires
Guardado en:
| Autor principal: | |
|---|---|
| Formato: | Libro |
| Lenguaje: | Undetermined |
| Publicado: |
Bruselas, Bélgica
Labor
1985
|
| Materias: | |
| Etiquetas: |
Agregar Etiqueta
Sin Etiquetas, Sea el primero en etiquetar este registro!
|
MARC
| LEADER | 00000nam a2200000Ia 4500 | ||
|---|---|---|---|
| 008 | 170316s9999 xx 000 0 und d | ||
| 040 | |a cru BVZT | ||
| 090 | |a 840 V-8.1v | ||
| 100 | |a Verhaeren, Emile | ||
| 245 | |a Les villages illusoires | ||
| 260 | |a Bruselas, Bélgica | ||
| 260 | |b Labor | ||
| 260 | |c 1985 | ||
| 300 | |a 201 páginas | ||
| 650 | |a LITERATURA FRANCESA | ||
| 650 | |a POESÍA | ||
| 999 | |c 8061 |d 8061 | ||
| 942 | |c 15 D |h 840 V-8.1v |2 z | ||
